000 00680nam a22002537a 4500
003 UA-OsUOA
001 26370
007 ta
008 20040527b un ||||| |||| 00| 0 ukr d
100 _aГренандер У.
700 _aФрайбергер В.
090 _a519.21:22
_bГ79
942 _cBK
040 _aUA-OsUOA
_brus
_cUA-OsUOA
_dUA-OsUOA
245 _aКраткий курс вычислительной вероятности и статистики
300 _a192 с.
_bІлюстрації
955 _a0
041 _arus
080 _a519.21:22
260 _aМосква
_bНаука
_c1973
044 _aRU
650 7 _2UDC
999 _c312692
_d312692